000 00542nam a2200193Ia 4500
008 220216s9999 xx 000 0 und d
100 _aBellamy A
245 0 _aCytoplasmic DNAs and nuclear rDNA restriction fragment length polymorphisms in commercial witloof chicories
260 _bTheoretical and Applied Genetics
_c1995
300 _a505-509
650 _aChloroplast DNA
650 _aMitochondrial DNA
650 _arDNA
650 _aRFLP
700 _aBannercot H
700 _aMathieu C
700 _aVedel F
942 _cJS
999 _c56712
_d56712